MAASAI MARA UNIVERSITY

LIBRARY CATALOGUE

Contact Us: +254 020 2685356/7 or 0774 057787

Box: 861-20500, NAROK, KENYA

Email: info@mmarau.ac.ke

Samuelson, Paul Anthony (Record no. 378)

MARC details
000 -LEADER
fixed length control field 00387nam a2200145Ia 4500
008 - FIXED-LENGTH DATA ELEMENTS--GENERAL INFORMATION
fixed length control field 151015s9999 xx 000 0 und d
050 ## - LIBRARY OF CONGRESS CALL NUMBER
Classification number HB 171.5 .S 2005
245 ## - TITLE STATEMENT
Title Samuelson, Paul Anthony
250 ## - EDITION STATEMENT
Edition statement _Economics
260 ## - PUBLICATION, DISTRIBUTION, ETC. (IMPRINT)
Place of publication, distribution, etc. 8th ed.
300 ## - PHYSICAL DESCRIPTION
Extent New Delhi Tata Mcgraw Hill 2005
500 ## - GENERAL NOTE
General note includes index
650 ## - SUBJECT ADDED ENTRY--TOPICAL TERM
Topical term or geographic name as entry element _Economics
700 ## - ADDED ENTRY--PERSONAL NAME
Personal name ^d20101215 04:10:05^oTiampati

No items available.

© 2016 Maasai Mara University.